Normal view
MARC view
Entry Topical Term
001 - CONTROL NUMBER
- control field: 12288
003 - CONTROL NUMBER IDENTIFIER
- control field: BD-RjUL
005 - DATE AND TIME OF LATEST TRANSACTION
- control field: 20240313123320.0
008 - FIXED-LENGTH DATA ELEMENTS
- fixed length control field: 240313|| aca||aabn | a|a d
040 ## - CATALOGING SOURCE
- Original cataloging agency: BD-RjUL
- Transcribing agency: BD-RjUL
150 ## - HEADING--TOPICAL TERM
- Topical term or geographic name entry element: রাজশাহী বিশ্ববিদ্যালয়
- General subdivision: পেশাগত স্মৃতিচারণ ও অভিজ্ঞতা
670 ## - SOURCE DATA FOUND
- Source citation: Work cat.: (BD-RjUL)83344: স্মৃতিতে রাজশাহী বিশ্ববিদ্যালয় /, ২০২৪